Estrategias ¿Qué son las decisiones estratégicas? (Registro nro. 28928)

Detalles MARC
000 -LEADER
fixed length control field 00429 a2200109 4500
001 - CONTROL NUMBER
control field ART_42457
005 - DATE AND TIME OF LATEST TRANSACTION
control field 20260410161935.0
008 - FIXED-LENGTH DATA ELEMENTS--GENERAL INFORMATION
fixed length control field 260409a
100 1# - MAIN ENTRY--PERSONAL NAME
Personal name Cogliati, Pablo Miguel
245 10 - TITLE STATEMENT
Title Estrategias ¿Qué son las decisiones estratégicas?
773 0# - HOST ITEM ENTRY
Title Boletin del Consejo Profesional de Ciencias Económicas de la Provincia de Santa Fe (camara segunda)
Related parts - Año XXVII, Nº 332 (jun. 2017)
Record control number REV25058

No hay ítems disponibles.